| 000 | 00409nam a2200157Ia 4500 | ||
|---|---|---|---|
| 999 |
_c679 _d679 |
||
| 020 | _a0-333-37083-X | ||
| 082 | _aRR 004.603 SIP-; | ||
| 100 | _aSippl, Charles J. | ||
| 245 | 0 | _aMacmillan dictionary of data communications | |
| 260 |
_aLondon _bMacmillan _c1985 |
||
| 300 | _a532p. | ||
| 504 | _aRef.books | ||
| 650 | _aData communications | ||
| 650 | _aElectronic data processing - Dictionaries | ||
| 942 | _cBK | ||